000 00455nam a2200181Ia 4500
001 21267
005 20260306172906.0
008 260306t2008||||xx |||||||||||||| ||spa||
041 _aESP
082 _a344.51
_bU61
100 _aPerú. Universidad Femenina del Sagrado Corazón
_eAUT
245 0 _aTemas de bioética y derecho
260 _c2008
300 _a189 páginas :
_c20 cm.
650 _aGEN
654 _aCDE
942 _cLIB
_dJUS
_fJUS
_2ddc
_n
999 _c21267
_d21267